00384 a2200121 4500001001000000005001700010008004100027245007300068100002200141700002500163700001900188773005500207ART_3622120260410161701.0260409a 10aDesigualdad, profundidad financiera e impacto en la cuenta corriente1 aCarrera, Jorge E.1 aRodríguez, Esteban1 aSardi, Mariano0 tEnsayos Económicosg- Nº 72 (jun. 2015)wREV620